000 00385nam a2200157Ia 4500
008 221030s9999 xx 000 0 und d
020 _a8121904137
041 _aEnglish
082 _a105.23
_bGho
100 _aS. N. Ghoshal
245 0 _aAtomic & Nuclear Physics
_cby S. N. Ghoshal
260 _bS. Chand & Co
_aNew Delhi
_c2000
300 _a1055
650 _aPhysics
942 _cBK
999 _c6988
_d6988